| 000 | 00350 a2200157 4500 | ||
|---|---|---|---|
| 001 | 74414 | ||
| 020 | _a978-85-3562-884-5 | ||
| 040 | _cAnchieta - Colégio São Paulo | ||
| 100 | _aNeves, André | ||
| 240 | 1 | 0 |
_aMaroca e Deolindo _lpor |
| 245 | 1 | 0 | _aMaroca e Deolindo |
| 300 | _a78 | ||
| 362 | 0 | _a211 | |
| 650 | 4 | _aLiteratura juvenil | |
| 942 | _cBK | ||
| 999 |
_c74414 _d74414 |
||